000 00646nam a2200169Ia 4500
008 090711s9999 xx 000 0 und d
082 _b875
100 _aखाडीलकर उषा
245 _aस्त्री मुक्ती एक कुतूहल आणि
260 _bवसंत बुक स्टॉल
_c1999
300 _a120
600 _aखाडीलकर उषा
630 _aस्त्री मुक्ती एक कुतूहल आणि
700 _aखाडीलकर उषा
730 _aस्त्री मुक्ती एक कुतूहल आणि
942 _cBOOK
999 _c335855
_d335855